000 nam a22 7a 4500
999 _c49222
_d49222
003 OSt
005 20191011113817.0
008 191011b xxu||||| |||| 00| 0 eng d
040 _cIIMT COLLEGE OF PHARMACY GREATER NOIDA
100 _aMURUGESH,N
245 _aANATOMY PHYSIOLOGY AND HEALTH EDUCATION
260 _aDELHI
_bSATHYA
_c2018
300 _a284
942 _2ddc
_c02